[Event "5th Ordu Open 2019"]
[Site "Ordu"]
[Date "2019.04.29"]
[Round "1.16"]
[White "Alumert, Orkun Efe"]
[Black "Olcum, Ahmet"]
[Result "0-1"]
[WhiteElo "2045"]
[BlackElo "2281"]
[Annotator "TA"]
[PlyCount "104"]
[EventDate "2019.04.29"]
[EventType "swiss"]
[EventCountry "TUR"]
[SourceTitle "playchess.com"]
[Source "ChessBase"]
[SourceQuality "1"]

{[%evp 13,104,15,21,0,7,-14,-8,-6,-10,-11,-7,-10,-11,-12,0,-19,0,-43,-31,-98,-60,-58,-45,-71,-61,-95,-88,-128,0,0,0,0,0,0,18,0,0,0,0,-72,-61,-60,-61,-65,-61,-858,-461,-718,-711,-1036,-1046,-1020,-1010,-914,-303,-295,-316,-302,-282,-321,-302,-385,-385,-387,-368,-427,-416,-481,-470,-520,-484,-699,-693,-635,-598,-596,-347,-913,-906,-884,-877,-652,-787,-760,-758,-1513,-1513,-1430,-1399,-1325,-1283,-29987,-29983]} 1. d4 d6 2. e4 Nf6 3. Nc3 e5 4. dxe5 dxe5 5. Qxd8+ Kxd8 6. Bg5 Be6 7. O-O-O+ Kc8 8. f3 {B07: Pirc Defence: Miscellaneous Systems} (8. f4 exf4 9. Nf3 Nbd7 10. Bxf4 Bc5 11. h3 Nh5 12. Bh2 Be3+ 13. Kb1 Bf4 14. Bxf4 Nxf4 15. Nd4 c6 16. g3 Ng6 17. Nxe6 fxe6 {0-1 (53) Kravtsiv,M (2672)-Khismatullin,D (2632) Riadh 2017}) 8... Nbd7 9. Be3 c6 10. a4 $146 {The position is equal.} ({Predecessor:} 10. g3 Bc5 11. Bxc5 Nxc5 12. Nh3 h6 13. Nf2 Kc7 14. Nd3 Nfd7 15. Nxc5 Nxc5 16. Bd3 b5 17. b3 Rhd8 18. Be2 f6 19. Rxd8 Rxd8 20. Rd1 Rxd1+ {½-½ (20) Canonne,A (1893)-Curtis,J (2093) Vale 2017}) 10... Bb4 11. Nge2 a6 12. b3 b5 13. Kb2 Kc7 14. g3 Rhb8 15. axb5 axb5 16. Nb1 (16. Ra1 $15) 16... Ra6 17. Nc1 Rba8 18. Be2 Ra1 19. g4 Nb6 20. c3 Ba3+ (20... Be7 $17 {...Nfd7 is the strong threat.} 21. c4 b4) 21. Nxa3 $11 R8xa3 22. Bc5 Ra8 23. Bd6+ Kb7 24. Bxe5 Nfd7 25. Bd4 R8a3 {Strongly threatening ...Bxb3!} 26. Kc2 ({Wrong is} 26. Bxg7 $2 {[#]} Bxb3 $1 {[%mdl 512]} 27. Rxd7+ Nxd7 $19) (26. c4 $1 $11 {keeps the balance.} bxc4 27. bxc4) 26... Bxb3+ $1 $17 27. Nxb3 R1a2+ 28. Kd3 {Threatens to win with Nc5+.} Rxb3 $40 {[%mdl 128] Black mounts an attack.} 29. Bxg7 $2 {[%mdl 8192]} (29. Ra1 $15 Rbb2 30. Rxa2 Rxa2 31. Rc1) 29... Rbb2 30. Rhe1 (30. Ke3 $142 Rxe2+ {[%mdl 64] Double Attack} 31. Kf4) 30... Nc4 $19 31. e5 Nc5+ 32. Kd4 Ne6+ {[%mdl 64] [#] Double Attack} ({Inferior is} 32... Rxe2 33. Kxc5 Nb6 34. Rxe2 $14) 33. Kd3 Rd2+ $2 (33... Kb6 34. Bf8 Nxf8) 34. Rxd2 Rxd2+ 35. Ke4 Nxg7 36. Bxc4 bxc4 {[%mdl 4096] Endgame KRN-KR} 37. Rb1+ Kc7 38. Rb4 Rxh2 39. Rxc4 Re2+ 40. Kf4 Ne6+ 41. Kf5 Rf2 42. f4 (42. Ke4 $142 Ng5+ 43. Kf5 Nxf3 44. Ra4) 42... c5 43. Re4 Kd7 44. Ra4 Ke7 45. Ra7+ $2 (45. g5) 45... Kf8 {[%csl Ge6][%cal Rf2f4]} 46. Ra4 h6 47. Ra8+ Kg7 {[%csl Ge6][%cal Rf2f4]} 48. Ra4 Rf1 49. Rc4 Rf3 50. Ra4 Rxc3 {( -> ...Re3)} 51. Ke4 Rg3 52. Kf5 Rf3 {Accuracy: White = 27%, Black = 59%.} 0-1

[Event "5th Ordu Open 2019"]
[Site "Ordu"]
[Date "2019.04.29"]
[Round "1.17"]
[White "Akhvlediani, Irakli"]
[Black "Daghan, Devran"]
[Result "1-0"]
[WhiteElo "2261"]
[BlackElo "1993"]
[Annotator "TA"]
[PlyCount "67"]
[EventDate "2019.04.29"]
[EventType "swiss"]
[EventCountry "TUR"]
[SourceTitle "playchess.com"]
[Source "ChessBase"]
[SourceQuality "1"]

{[%evp 9,67,-2,18,14,15,13,16,15,28,31,29,29,29,31,24,30,46,46,58,51,56,30,54,47,56,58,57,54,50,48,46,25,58,31,113,104,102,114,109,112,128,120,110,101,187,146,140,151,167,161,161,166,171,167,338,224,29996,29989,29997,29998]} 1. d4 Nf6 2. Nf3 d5 3. Bf4 c5 4. e3 Nc6 5. Nbd2 cxd4 6. exd4 {D02: 1 d4 d5 2 Nf3 sidelines, including 2...Nf6 3 g3 and 2...Nf6 3 Bf4} Qb6 7. Nb3 Bg4 8. h3 {The position is equal.} Bxf3 9. Qxf3 e6 10. c3 a5 11. Rb1 a4 $146 ({Predecessor:} 11... Be7 12. Bd3 O-O {1-0 (45) Ni,H (2682)-Igonin,T (2474) Tashkent 2016}) 12. Nd2 Be7 13. Bd3 O-O 14. O-O Rfc8 15. Rfe1 Na5 16. Qe2 Bd6 17. Bg5 {Threatens to win with Bxf6.} Nd7 18. Qg4 Qc7 19. a3 Re8 20. Qh5 g6 21. Qh4 $40 {[%mdl 128] White attacks.} e5 (21... Nc4 $14) 22. dxe5 Nxe5 23. Bb5 Nac6 24. Bxa4 Nd3 25. Rxe8+ Rxe8 26. Bb5 Nde5 (26... Nf4 $16) 27. Bh6 Be7 28. Qf4 Qb6 29. Bxc6 Nxc6 30. Re1 f6 31. Nf3 Qxb2 $2 (31... Qd8 32. c4 d4) 32. Qe3 {Intending Qe6+ and mate.} Qxa3 $2 (32... Nd8 $18 33. Nd4 Nf7) 33. Qe6+ {[%mdl 64] Double Attack} Kh8 {[#]} 34. Qxf6+ $1 {[%mdl 576] Pin, Back Rank. Accuracy: White = 78%, Black = 35%.} 1-0

[Event "5th Ordu Open 2019"]
[Site "Ordu"]
[Date "2019.04.29"]
[Round "1.19"]
[White "Asgari, Morteza"]
[Black "Hajiyev, Shahin"]
[Result "1-0"]
[WhiteElo "2248"]
[BlackElo "1972"]
[Annotator "TA"]
[PlyCount "117"]
[EventDate "2019.04.29"]
[EventType "swiss"]
[EventCountry "TUR"]
[SourceTitle "playchess.com"]
[Source "ChessBase"]
[SourceQuality "1"]

{[%evp 28,117,41,24,47,24,50,43,47,37,85,43,50,24,76,79,81,86,112,100,97,72,72,72,72,72,72,72,72,72,161,153,135,157,114,72,94,9,355,348,335,345,426,413,419,406,442,427,457,452,532,549,662,456,387,308,486,486,486,486,486,486,408,408,828,815,802,768,642,483,1566,1566,1373,1373,1283,1169,2022,2011,1799,1681,5510,4870,2772,0,0,0,29975,0,29989,29990,29992,29993]} 1. e4 e5 2. Nf3 Nc6 3. Bb5 a6 4. Ba4 Nf6 5. O-O Be7 6. Re1 b5 7. Bb3 d6 8. c3 O-O 9. h3 Nb8 10. d4 Nbd7 11. Nbd2 Bb7 12. Bc2 Re8 13. Nf1 Bf8 14. Ng3 g6 15. a4 c6 {C95: Closed Ruy Lopez: Breyer Variation with 10 d4} (15... Bg7 16. Bd3 exd4 17. cxd4 c5 18. axb5 axb5 19. Rxa8 Bxa8 20. dxc5 Nxc5 21. Bxb5 Rf8 22. e5 dxe5 23. Qxd8 Rxd8 24. Nxe5 {½-½ (39) Hou,Y (2658)-Vitiugov,N (2734) Belokurikha 2018}) 16. Be3 Bg7 17. Bd3 Qc7 {White is slightly better.} 18. Qd2 Nb6 19. a5 $146 ({Predecessor:} 19. b3 bxa4 20. bxa4 a5 21. dxe5 dxe5 22. Rab1 Nfd7 23. Qa2 Ba6 24. Red1 Bxd3 25. Rxd3 {½-½ (37) Pijpers,A (2444)-Lobzhanidze,D (2430) Germany 2017}) 19... Nbd7 20. b4 h5 (20... exd4 $11 21. cxd4 c5) 21. Bh6 $16 Bh8 22. Rac1 Rac8 23. c4 $36 {[%mdl 2048] White is in control.} Qb8 24. cxb5 (24. c5 {keeps more tension.} Nh7 25. Bc2 exd4 26. Bb3 Ne5 27. Bf4) 24... cxb5 25. d5 Rxc1 26. Rxc1 Rc8 27. Rxc8+ Qxc8 28. Nh4 Nh7 (28... Qb8 $16) 29. Ngf5 gxf5 30. Nxf5 {[%cal Rf5e7]} Bf6 31. Qe3 {Black must now prevent Qg3+.} Ndf8 32. Nxd6 (32. Qa7 $1 $16 Qd7 33. Be3) 32... Qc7 $2 {[%mdl 8192]} (32... Qb8 $11 {and Black stays safe.} 33. Nxb7 Qxb7) 33. Qb6 $18 Qxb6 34. axb6 {[%cal Ba5b6,Bb6b7][%mdl 32]} Be7 35. Nxb7 Bxb4 36. Nd8 Nd7 37. b7 Bd6 38. Be3 Nhf6 39. Ba7 Nb8 40. Nc6 Nfd7 41. Be2 h4 (41... Nxc6 $142 42. dxc6 Nb8) 42. Kf1 Nxc6 43. dxc6 Nb8 44. Bxb8 ({Less strong is} 44. Bc5 Bc7 $18) 44... Bxb8 {[%mdl 4096] Endgame KB-KB} 45. g3 hxg3 (45... Bc7 $142 46. gxh4 Kg7) 46. fxg3 Kg7 47. h4 Kg6 48. g4 f6 (48... Kg7 $142 49. Kf2 f6) 49. Ke1 Bd6 50. Kd2 Kf7 51. Kc2 Ke8 52. h5 Kf7 53. Kb3 Ke7 {[#]} 54. Bxb5 $1 {[%mdl 512]} axb5 {[#]} 55. c7 $2 ({Don't go for} 55. h6 $2 Kf7 $19) (55. b8=Q $1 $18 {[%mdl 512] Intending Qb7+ and mate.} Bxb8 56. Kb4) 55... Bxc7 $11 56. Kb4 Kd7 $2 {[%mdl 8192]} (56... Kf7 $11) 57. Kxb5 $2 (57. h6 {mates} Kc6 58. h7 Bd6+ 59. Kb3 Kc7 {[#]} 60. b8=Q+ $1 {[%mdl 576] Decoy, Promotion} Kxb8 61. h8=Q+ {[%mdl 64] Double Attack} Kc7 62. Qxf6) 57... Bd6 $2 {[%mdl 8192]} (57... Ke8 $11) 58. h6 Bf8 59. h7 {Accuracy: White = 77%, Black = 28%.} 1-0

[Event "5th Ordu Open 2019"]
[Site "Ordu"]
[Date "2019.04.29"]
[Round "1.20"]
[White "Yasin, Hur"]
[Black "Kilic, Efe Mert"]
[Result "1/2-1/2"]
[WhiteElo "1959"]
[BlackElo "2248"]
[Annotator "TA"]
[PlyCount "161"]
[EventDate "2019.04.29"]
[EventType "swiss"]
[EventCountry "TUR"]
[SourceTitle "playchess.com"]
[Source "ChessBase"]
[SourceQuality "1"]

{[%evp 13,161,21,34,5,5,5,8,5,5,5,15,0,0,0,0,0,0,0,10,0,0,0,0,0,0,0,0,0,0,0,0,0,0,0,0,0,24,21,21,24,27,8,0,0,0,0,27,35,29,-16,-14,-12,-19,-12,0,-8,0,-19,0,0,0,-115,-4,-80,-80,-88,-121,-146,-37,-45,-47,-48,-6,-2,-8,-8,-4,-7,0,0,0,-8,-8,-19,0,0,0,0,0,0,0,0,0,0,0,0,0,0,0,0,0,0,0,0,0,0,0,0,0,0,0,0,0,0,0,0,0,0,0,0,0,0,0,0,0,0,0,0,0,0,0,0,0,0,0,0,0,0,0,0,0,0,0,0,0,0,0,0,0,0]} 1. d4 Nf6 2. Nc3 d6 3. e4 e5 4. dxe5 dxe5 5. Qxd8+ Kxd8 6. Bg5 Be6 7. O-O-O+ Kc8 8. f3 {B07: Pirc Defence: Miscellaneous Systems} (8. f4 {is more complex.} exf4 9. Bxf4 Bb4 10. Nge2 Nc6 11. h3) (8. f4 exf4 9. Nf3 Nbd7 10. Bxf4 Bc5 11. h3 Nh5 12. Bh2 Be3+ 13. Kb1 Bf4 14. Bxf4 Nxf4 15. Nd4 c6 16. g3 Ng6 17. Nxe6 fxe6 {0-1 (53) Kravtsiv,M (2672)-Khismatullin,D (2632) Riadh 2017}) 8... Nbd7 9. g3 Bc5 10. Bh3 Bxh3 11. Nxh3 h6 12. Bxf6 $146 ({Predecessor:} 12. Bd2 c6 13. Na4 Be7 14. Nf2 b5 15. Nc3 Nc5 {½-½ (24) Koziak,V (2479)-Rombaldoni,D (2477) Rome 2016}) 12... Nxf6 13. Rhf1 c6 14. Nf2 Kc7 15. Nd3 Bd4 16. Na4 Rhe8 17. c3 Be3+ 18. Kc2 a5 19. Rfe1 Ba7 20. b3 Nd7 21. Nab2 b5 22. a4 f6 23. Re2 Nf8 24. f4 exf4 25. gxf4 g5 26. Rf1 Nd7 27. fxg5 hxg5 28. axb5 cxb5 29. Rf5 Kc6 30. c4 Rab8 31. cxb5+ (31. Kd1 {looks sharper.} Red8 32. Rc2 Ne5 33. Ke2 Rh8 34. Kf1) 31... Rxb5 32. Rxb5 Kxb5 33. Nc4 {Threatens to win with Nd6+.} Re6 34. Kc3 Bb8 35. h3 Bc7 36. Kd4 Re8 37. Kd5 {[#]} (37. Rf2 $11) 37... Nb6+ (37... Rd8 $1 $17 38. Na3+ Ka6) 38. Nxb6 (38. Kd4 $11) 38... Bxb6 $11 {[%mdl 4096] Endgame KRB-KRN} ({Don't play} 38... Kxb6 $6 39. Rf2 $11) 39. Rd2 Be3 40. Rd1 {[#]} Bf4 (40... Bc5 $1 $17 {[%mdl 512]} 41. e5 (41. Nxc5 Rd8+) 41... fxe5) 41. Kd4 $1 $15 Rd8+ 42. Kc3 Be5+ 43. Kd2 {The position is equal.} Bd4 44. Rf1 Kb6 45. Rf5 Re8 46. e5 fxe5 47. Rxg5 Kc6 48. Ne1 Rh8 49. Nf3 Kd5 50. h4 Ke4 51. Nxd4 Kxd4 $11 {KR-KR} 52. h5 Rh6 53. Rg4+ Kd5 54. Ra4 Rxh5 55. Rxa5+ Ke4 56. Ra4+ Kf3 57. Kd3 Rh8 58. b4 e4+ 59. Kc4 Rc8+ 60. Kd5 e3 61. Ra7 e2 62. Rf7+ Ke3 63. Re7+ Kd2 64. b5 Rd8+ 65. Kc6 Rc8+ 66. Kd7 Rb8 {( -> ...Rb7+)} 67. Kc6 Rc8+ 68. Kd7 Rc3 69. b6 Rd3+ 70. Kc7 Rc3+ 71. Kd8 Rd3+ 72. Kc7 Rc3+ 73. Kd7 Rd3+ 74. Kc7 Rc3+ 75. Kd7 Rb3 76. Kc7 Rc3+ 77. Kd7 e1=Q 78. Rxe1 Kxe1 79. b7 Rb3 80. Kc7 Rxb7+ 81. Kxb7 {Accuracy: White = 67%, Black = 52%.} 1/2-1/2

[Event "5th Ordu Open 2019"]
[Site "Ordu"]
[Date "2019.04.30"]
[Round "2.1"]
[White "Olcum, Ahmet"]
[Black "Haznedaroglu, Kivanc"]
[Result "1/2-1/2"]
[WhiteElo "2281"]
[BlackElo "2472"]
[Annotator "TA"]
[PlyCount "75"]
[EventDate "2019.04.29"]
[EventType "swiss"]
[EventCountry "TUR"]
[SourceTitle "playchess.com"]
[Source "ChessBase"]
[SourceQuality "1"]

{[%evp 23,75,-14,-4,-7,0,0,13,-2,30,32,71,66,65,60,77,75,79,73,100,88,131,125,142,143,154,145,138,133,148,136,120,115,114,102,132,115,119,119,118,115,105,105,112,50,64,27,27,22,22,18,27,27,19,11]} 1. d4 Nf6 2. Bf4 e6 3. e3 b6 4. Nf3 Bb7 5. Nbd2 g6 6. h3 Bg7 7. Be2 O-O 8. O-O d6 9. Bh2 Qe7 10. a4 a5 11. c3 Nbd7 12. Nc4 Ne4 13. Nfd2 {A48: 1 d4 Nf6 2 Nf3 g6: Torre, London and Colle Systems} f5 (13... Nxd2 14. Nxd2 f5 15. Bf3 Bxf3 16. Qxf3 g5 17. e4 f4 18. Qe2 c5 19. Qd3 h5 20. f3 Qf6 {½-½ (72) Cacho Reigadas,S (2511)-Morozevich,A (2731) Bilbao 2014}) 14. Nxe4 fxe4 15. Na3 $146 ({Predecessor:} 15. Nd2 e5 16. Qc2 Kh8 17. Bb5 c6 18. Be2 d5 19. Bg4 exd4 20. cxd4 h5 {1-0 (39) Sielaff,R-Limberg,S (2111) Schwaebisch Gmuend 2002}) 15... Nf6 16. c4 Rfd8 17. Qb3 Rab8 18. Rfd1 h6 19. Rac1 Kh7 20. Nb5 Ba8 21. Qa3 Bf8 22. c5 Nd5 {[%cal Rd6c5]} 23. cxd6 cxd6 24. Bc4 Nb4 {[#]} 25. Qb3 $1 Nd5 26. Bxd5 Bxd5 27. Qa3 Rd7 28. Rc2 Rbd8 29. Rdc1 e5 30. dxe5 dxe5 31. Qxe7+ Bxe7 32. Bxe5 Bb3 33. Rc8 ({Better is} 33. Rc6 $16) 33... Bxa4 $14 34. Nd4 {[#] And now b3 would win.} Bc5 35. Rxd8 Rxd8 36. Ne6 Rd1+ 37. Rxd1 Bxd1 38. Nxc5 {Accuracy: White = 75%, Black = 61%.} 1/2-1/2

[Event "5th Ordu Open 2019"]
[Site "Ordu"]
[Date "2019.04.30"]
[Round "2.2"]
[White "Barski, Radoslaw"]
[Black "Sevgi, Volkan"]
[Result "1-0"]
[WhiteElo "2471"]
[BlackElo "2309"]
[Annotator "TA"]
[PlyCount "37"]
[EventDate "2019.04.29"]
[EventType "swiss"]
[EventCountry "TUR"]
[SourceTitle "playchess.com"]
[Source "ChessBase"]
[SourceQuality "1"]

{[%evp 11,37,8,12,0,14,8,18,6,19,18,64,21,25,25,56,50,85,58,88,88,85,82,135,141,610,611,885,854]} 1. e4 c6 2. d4 d5 3. e5 Bf5 4. h4 h5 5. Bd3 Bxd3 6. Qxd3 e6 7. Bg5 {B12: Caro-Kann: Advance Variation} Qa5+ 8. Nd2 Qa6 9. c4 {The position is equal.} Bb4 10. b3 Bxd2+ $146 ({Predecessor:} 10... c5 11. Ngf3 Nc6 12. dxc5 Nge7 13. O-O Nf5 14. Qc2 Ncd4 15. Nxd4 Nxd4 {½-½ (58) Vocaturo,D (2606)-Caruana,F (2827) Caleta 2017}) 11. Bxd2 Nd7 12. Nf3 $36 {[%mdl 2048] White is pushing.} Nb6 {[%cal Rd5c4]} 13. Rc1 Ne7 14. O-O Nf5 {[#]} 15. Bb4 $1 Rd8 16. Rfd1 dxc4 ({Black should play} 16... Nc8) 17. bxc4 $16 Qxa2 $2 {[%mdl 8192]} (17... Rh6 $16) 18. Ba3 $18 c5 {White should prevent ...Nxd4.} 19. Rc2 {Accuracy: White = 77%, Black = 20%.} 1-0

[Event "5th Ordu Open 2019"]
[Site "Ordu"]
[Date "2019.04.30"]
[Round "2.3"]
[White "Eren, Ataberk"]
[Black "Mgeladze, Tamaz"]
[Result "1/2-1/2"]
[WhiteElo "2256"]
[BlackElo "2396"]
[Annotator "NA"]
[PlyCount "180"]
[EventDate "2019.04.29"]
[EventType "swiss"]
[EventCountry "TUR"]
[SourceTitle "playchess.com"]
[Source "ChessBase"]
[SourceQuality "1"]
[TimeControl "5400+30"]

1. d4 {[%emt 0:08:30]} Nf6 {[%emt 0:00:30]} 2. c4 {[%emt 0:02:30]} g6 {[%emt 0:00:30]} 3. Nc3 {[%emt 0:00:30]} Bg7 {[%emt 0:00:30]} 4. e4 {[%emt 0:00:30]} d6 {[%emt 0:00:00]} 5. Be2 {[%emt 0:00:00]} O-O {[%emt 0:00:00]} 6. Bg5 {[%emt 0:00:00]} Na6 {[%emt 0:00:30]} 7. Qd2 {[%emt 0:00:00]} Qe8 {[%emt 0:00:30]} 8. f3 {[%emt 0:00:00]} e5 {[%emt 0:00:30]} 9. d5 {[%emt 0:00:00]} Nh5 {[%emt 0:00:00]} 10. Bd1 {[%emt 0:01:00]} f5 {[%emt 0:01:00] E73: King's Indian: Averbakh Variation without 6...c5} 11. Nge2 {[%emt 0:02:30]} f4 {[%emt 0:00:30]} 12. Bh4 {[%emt 0:00:30]} g5 {[%emt 0:00:00]} 13. Bf2 {[%emt 0:01:30]} ({Don't go for} 13. Bxg5 $2 Qg6 $17) 13... g4 {[%emt 0:00:00]} 14. Ba4 $146 {[%emt 0:00:30]} ({Predecessor:} 14. Nc1 Nf6 15. Nd3 c6 16. Be2 Nc7 17. dxc6 bxc6 18. O-O-O {½-½ (29) Lakatos,S (2394)-Falatowicz,P (2386) ICCF email 2016}) 14... Qg6 {[%emt 0:01:30]} 15. O-O-O {[%emt 0:06:30]} (15. Rg1 $1 $11) 15... gxf3 {[%emt 0:02:30]} 16. gxf3 {[%emt 0:00:30]} Qg2 $1 {[%emt 0:00:30] Double Attack} 17. Rhf1 {[%emt 0:35:30]} Qxf3 {[%emt 0:05:30]} 18. Bh4 {[%emt 0:09:30]} (18. Ng1 $15 Qg2 19. Bh4 Qxd2+ 20. Rxd2) 18... Qh3 {[%emt 0:06:30]} 19. Be7 {[%emt 0:03:30]} Rf7 {[%emt 0:03:30]} 20. Ng1 {[%emt 0:02:30]} Qe3 {[%emt 0:08:30]} (20... Qg4 $19 {is more deadly.} 21. h3 Qg6) 21. Qxe3 {[%emt 0:00:30]} fxe3 {[%emt 0:00:00]} 22. Rxf7 {[%emt 0:01:30]} Kxf7 {[%emt 0:00:00]} 23. Bg5 {[%emt 0:00:30]} Nf4 {[%emt 0:06:30]} 24. Nce2 {[%emt 0:16:59]} (24. Rf1 $15) 24... Nxe2+ {[%emt 0:08:30]} 25. Nxe2 {[%emt 0:00:30]} Bg4 {[%emt 0:00:00]} 26. Re1 {[%emt 0:01:39]} Nb4 {[%emt 0:00:00]} 27. Bc2 {[%emt 0:00:31]} Nxa2+ {[%emt 0:00:30]} 28. Kd1 {[%emt 0:01:24]} Nb4 {[%emt 0:03:30]} 29. Bb1 {[%emt 0:00:05]} Rg8 {[%emt 0:03:30]} 30. Bxe3 {[%emt 0:01:01]} Bf6 {[%emt 0:00:30]} 31. Rf1 {[%emt 0:03:57]} Ke7 {[%emt 0:00:30]} 32. Rg1 {[%emt 0:00:34]} Rg6 {[%emt 0:02:30]} 33. Kd2 {[%emt 0:00:04]} Bd7 {[%emt 0:04:30]} 34. Bxa7 {[%emt 0:01:07]} b6 {[%emt 0:00:00]} 35. Rxg6 {[%emt 0:00:30]} hxg6 {[%emt 0:00:00]} 36. Kc3 {[%emt 0:00:30]} Na6 {[%emt 0:00:30]} 37. b4 {[%emt 0:00:00]} Kd8 {[%emt 0:01:30]} 38. Bd3 {[%emt 0:00:00]} Kc8 {[%emt 0:02:30]} 39. c5 {[%emt 0:00:00]} Nxb4 {[%emt 0:00:30]} 40. c6 $1 {[%emt 0:01:59]} ({Much weaker is} 40. Kxb4 dxc5+ 41. Kb3 Kb7 $17) 40... Nxc6 {[%emt 0:03:30]} 41. Ba6+ {[%emt 0:00:30]} Kd8 {[%emt 0:00:30]} 42. dxc6 {[%emt 0:00:30]} Bxc6 {[%emt 0:00:00]} 43. Kd3 {[%emt 0:00:00]} d5 {[%emt 0:04:00]} 44. Nc3 {[%emt 0:00:18]} dxe4+ {[%emt 0:01:30]} 45. Nxe4 {[%emt 0:00:30]} Be7 {[%emt 0:00:30]} 46. Nd2 {[%emt 0:01:13]} Kd7 {[%emt 0:00:30]} 47. Nc4 {[%emt 0:00:17]} e4+ {[%emt 0:01:30]} 48. Ke2 {[%emt 0:00:49]} Bf6 {[%emt 0:01:30]} 49. Ke3 {[%emt 0:00:20]} Ke6 {[%emt 0:01:30]} 50. Bb8 {[%emt 0:01:03]} Bg5+ {[%emt 0:01:30]} 51. Kd4 {[%emt 0:00:00]} Bf6+ {[%emt 0:03:30]} 52. Ke3 {[%emt 0:00:24]} Kd7 {[%emt 0:00:00]} 53. Ba7 {[%emt 0:00:00]} Ke6 {[%emt 0:02:00]} 54. Bb8 {[%emt 0:00:02]} Bd8 {[%emt 0:01:30]} 55. Bc8+ {[%emt 0:01:45]} Kd5 {[%emt 0:00:00]} 56. Ba6 {[%emt 0:00:20]} Bd7 {[%emt 0:03:00]} 57. Ke2 {[%emt 0:01:06]} Bg4+ {[%emt 0:00:30]} 58. Kf2 {[%emt 0:00:00]} Kd4 {[%emt 0:00:30]} 59. Na3 {[%emt 0:00:29]} Bh4+ {[%emt 0:03:58]} 60. Kf1 {[%emt 0:00:01]} c6 {[%emt 0:02:30]} 61. Nc2+ {[%emt 0:00:46]} Kc5 {[%emt 0:01:47]} 62. Be2 {[%emt 0:00:42]} Bh3+ {[%emt 0:01:00]} 63. Kg1 {[%emt 0:00:01]} b5 {[%emt 0:02:33]} 64. Ba7+ {[%emt 0:00:30]} Kd6 {[%emt 0:00:04]} 65. Be3 {[%emt 0:00:12]} Bd7 {[%emt 0:00:53]} 66. Bf2 {[%emt 0:01:43]} Bf6 {[%emt 0:00:47]} 67. Bg3+ {[%emt 0:00:03]} Kd5 {[%emt 0:00:16]} 68. Kf2 {[%emt 0:00:35]} c5 {[%emt 0:00:16]} 69. Ke1 {[%emt 0:00:18]} c4 {[%emt 0:04:01]} 70. Bf2 {[%emt 0:00:32]} Be6 {[%emt 0:01:26]} 71. Kd2 {[%emt 0:00:36]} Bb2 {[%emt 0:03:51]} 72. Ne3+ {[%emt 0:00:20]} Kd6 {[%emt 0:00:31]} 73. Kc2 {[%emt 0:00:12]} (73. h4 $11) 73... Bf6 {[%emt 0:00:40]} 74. Nf1 {[%emt 0:00:50]} b4 {[%emt 0:00:15]} 75. Nd2 {[%emt 0:00:09]} b3+ {[%emt 0:00:50]} 76. Kc1 $2 {[%emt 0:00:58]} (76. Kd1 $17 b2 77. Bxc4 (77. Kc2 $2 e3 $19 {[%mdl 64] Double Attack}) 77... b1=Q+ {[%mdl 64] Deflection} 78. Nxb1 Bxc4 79. Na3) 76... Bg5 {[%emt 0:01:01]} 77. Kd1 {[%emt 0:00:27]} b2 $2 {[%emt 0:03:20]} (77... Bxd2 $1 $19 78. Kxd2 b2) 78. Nxe4+ {[%emt 0:00:36] Double Attack} Kc6 {[%emt 0:00:01]} 79. Kc2 {[%emt 0:00:50]} Bf5 {[%emt 0:00:30]} 80. Kxb2 {[%emt 0:00:07]} Bxe4 {[%emt 0:00:00]} 81. Bxc4 {[%emt 0:00:00]} Bf4 {[%emt 0:00:00]} 82. h4 {[%emt 0:01:05]} Bd2 {[%emt 0:00:29]} 83. Bf7 {[%emt 0:00:00]} Kd6 {[%emt 0:00:00]} 84. h5 {[%emt 0:01:13]} g5 {[%emt 0:00:19]} 85. Bg6 $11 {[%emt 0:00:00]} Bxg6 {[%emt 0:00:30]} 86. hxg6 {[%emt 0:00:30]} Ke6 {[%emt 0:00:30]} 87. Bd4 {[%emt 0:00:00]} g4 {[%emt 0:00:19]} 88. Kc2 {[%emt 0:00:04]} Bh6 {[%emt 0:00:30]} 89. Kd3 {[%emt 0:00:30]} Kf5 {[%emt 0:00:30]} 90. g7 {[%emt 0:00:00]} Bxg7 {[%emt 0:00:00]} 1/2-1/2

[Event "5th Ordu Open 2019"]
[Site "Ordu"]
[Date "2019.04.30"]
[Round "2.4"]
[White "Odeev, Handszar"]
[Black "Akhvlediani, Irakli"]
[Result "1/2-1/2"]
[WhiteElo "2394"]
[BlackElo "2261"]
[Annotator "NA"]
[PlyCount "68"]
[EventDate "2019.04.29"]
[EventType "swiss"]
[EventCountry "TUR"]
[SourceTitle "playchess.com"]
[Source "ChessBase"]
[SourceQuality "1"]
[TimeControl "5400+30"]

1. c4 {[%emt 0:01:30]} g6 {[%emt 0:00:30]} 2. g3 {[%emt 0:00:30]} Bg7 {[%emt 0:00:30]} 3. Bg2 {[%emt 0:00:30]} Nf6 {[%emt 0:00:00]} 4. Nc3 {[%emt 0:05:30]} O-O {[%emt 0:00:00]} 5. d3 {[%emt 0:00:30]} d6 {[%emt 0:00:00]} 6. e4 {[%emt 0:02:30]} c5 {[%emt 0:04:00]} 7. Nge2 {[%emt 0:00:30]} Nc6 {[%emt 0:00:00]} 8. O-O {[%emt 0:00:30]} e5 {[%emt 0:09:00]} 9. h3 {[%emt 0:06:30]} Nd4 {[%emt 0:05:30]} 10. Nxd4 {[%emt 0:15:30]} ({Better is} 10. Rb1 $14) 10... cxd4 {[%emt 0:00:30] A36: Symmetrical English vs ...g6: 4 Bg2 Bg7} 11. Ne2 {[%emt 0:00:30]} Nd7 {[%emt 0:02:30]} 12. f4 {[%emt 0:04:30]} f5 {[%emt 0:03:30]} (12... a5 $15) 13. b4 $146 {[%emt 0:15:30]} ({Predecessor:} 13. exf5 $11 Rxf5 (13... gxf5 14. b4 a5 15. Bd2 axb4 16. Bd5+ Kh8 17. fxe5 Bxe5 18. Bh6 Re8 {0-1 (36) Lozano Ramirez,N (2051)-De Arco,L (2248) Bogota 2012}) 14. Bd2) 13... fxe4 {[%emt 0:06:30]} 14. Bxe4 {[%emt 0:01:30]} a5 $1 {[%emt 0:01:30]} 15. Ba3 {[%emt 0:07:30]} axb4 {[%emt 0:05:30]} 16. Bxb4 {[%emt 0:00:00]} Nc5 {[%emt 0:00:30]} 17. Bg2 {[%emt 0:05:00]} Bf5 {[%emt 0:08:30]} 18. Bxc5 {[%emt 0:07:30]} dxc5 {[%emt 0:00:30]} 19. g4 {[%emt 0:00:30]} Be6 {[%emt 0:01:30]} 20. Qb3 {[%emt 0:12:54]} ({Better is} 20. Bxb7 $15 Rb8 21. Bg2) 20... Rb8 {[%emt 0:04:30]} 21. Qb5 {[%emt 0:05:21]} Qc7 {[%emt 0:02:30]} 22. Rab1 {[%emt 0:00:23]} exf4 {[%emt 0:07:30]} 23. Qb6 {[%emt 0:00:15]} Qe5 {[%emt 0:01:30]} 24. Nxf4 {[%emt 0:00:31]} Bxg4 {[%emt 0:04:30]} 25. Rbe1 {[%emt 0:02:42]} Qg5 {[%emt 0:00:30]} 26. Qd6 {[%emt 0:03:47]} Rbd8 {[%emt 0:07:30]} 27. Qe7 {[%emt 0:00:18]} Bf6 {[%emt 0:03:30]} 28. Qxb7 {[%emt 0:00:30]} Be5 $14 {[%emt 0:06:38]} (28... Bc8 $11 29. Qb6 Be5) 29. h4 {[%emt 0:00:01]} Qf6 {[%emt 0:01:39]} 30. Nd5 {[%emt 0:01:15]} Qxh4 {[%emt 0:03:52]} 31. Rxf8+ {[%emt 0:00:30]} Rxf8 {[%emt 0:00:00]} 32. Rxe5 {[%emt 0:00:41]} Qf2+ {[%emt 0:00:00]} 33. Kh1 {[%emt 0:00:39]} Qh4+ {[%emt 0:00:20]} 34. Kg1 {[%emt 0:00:00]} Qf2+ {[%emt 0:00:17]} 1/2-1/2